Erfahrung und Erinnerung: Gründungsmythos und Selbstverständnis von Gesellschaften in Europa nach 1945
Saved in:
| Main Author: | |
|---|---|
| Format: | Article (Journal) |
| Language: | German |
| Published: |
2009
|
| In: |
Archiv für Sozialgeschichte
Year: 2009, Volume: 49, Pages: 149-184 |
| ISSN: | 0066-6505 |
| Online Access: |
|
| Author Notes: | Kerstin von Lingen |
MARC
| LEADER | 00000caa a2200000 c 4500 | ||
|---|---|---|---|
| 001 | 613891791 | ||
| 003 | DE-627 | ||
| 005 | 20220810012946.0 | ||
| 007 | tu | ||
| 008 | 091104s2009 xx ||||| 00| ||ger c | ||
| 035 | |a (DE-627)613891791 | ||
| 035 | |a (DE-576)312652003 | ||
| 035 | |a (DE-599)GBV613891791 | ||
| 035 | |a (OCoLC)1340137149 | ||
| 040 | |a DE-627 |b ger |c DE-627 |e rakwb | ||
| 041 | |a ger | ||
| 084 | |a 63 |2 sdnb | ||
| 100 | 1 | |a Lingen, Kerstin von |d 1971- |0 (DE-588)129377465 |0 (DE-627)394196929 |0 (DE-576)187937850 |4 aut | |
| 245 | 1 | 0 | |a Erfahrung und Erinnerung |b Gründungsmythos und Selbstverständnis von Gesellschaften in Europa nach 1945 |c Kerstin von Lingen |
| 264 | 1 | |c 2009 | |
| 300 | |a 36 | ||
| 336 | |a Text |b txt |2 rdacontent | ||
| 337 | |a ohne Hilfsmittel zu benutzen |b n |2 rdamedia | ||
| 338 | |a Band |b nc |2 rdacarrier | ||
| 773 | 0 | 8 | |i In |t Archiv für Sozialgeschichte |d Bonn : Dietz, 1961 |g 49(2009), Seite 149-184 |w (DE-627)129061824 |w (DE-600)505-8 |w (DE-576)014392607 |x 0066-6505 |7 nnas |a Erfahrung und Erinnerung Gründungsmythos und Selbstverständnis von Gesellschaften in Europa nach 1945 |
| 773 | 1 | 8 | |g volume:49 |g year:2009 |g pages:149-184 |g extent:36 |a Erfahrung und Erinnerung Gründungsmythos und Selbstverständnis von Gesellschaften in Europa nach 1945 |
| 776 | 0 | 8 | |i Erscheint auch als |n Online-Ausgabe |a Lingen, Kerstin von, 1971 - |t Erfahrung und Erinnerung |d 2009 |w (DE-627)170069197X |
| 951 | |a AR | ||
| 992 | |a 20200616 | ||
| 993 | |a Article | ||
| 998 | |g 129377465 |a Lingen, Kerstin von |m 129377465:Lingen, Kerstin von |d 700000 |d 719000 |e 700000PL129377465 |e 719000PL129377465 |k 0/700000/ |k 1/700000/719000/ |p 1 |x j |y j | ||
| 999 | |a KXP-PPN613891791 |e 3687666069 | ||
| BIB | |a Y | ||
| SER | |a journal | ||
| JSO | |a {"type":{"bibl":"article-journal"},"id":{"eki":["613891791"]},"relHost":[{"language":["ger"],"recId":"129061824","titleAlt":[{"title":"Jahrbuch der Friedrich-Ebert-Stiftung"},{"title":"Arbeitertag für Braunschweig und weitere Umgebung"}],"id":{"eki":["129061824"],"zdb":["505-8"],"issn":["0066-6505"]},"note":["Darin 2.1962: Repr. 1962 von Arbeitertag für Braunschweig und weitere Umgebung, 1867"],"origin":[{"dateIssuedKey":"1961","publisher":"Dietz ; Verl. für Lit. u. Zeitgeschehen ; Verl. Neue Ges.","publisherPlace":"Bonn ; Hannover ; Bonn-Bad Godesberg","dateIssuedDisp":"1961-"}],"corporate":[{"role":"isb","display":"Friedrich-Ebert-Stiftung"},{"role":"isb","display":"Arbeitertag für Braunschweig und weitere Umgebung"}],"name":{"displayForm":["herausgegeben für die Friedrich-Ebert-Stiftung"]},"physDesc":[{"noteFormat":"24 cm"}],"pubHistory":["1.1961 -"],"title":[{"title_sort":"Archiv für Sozialgeschichte","title":"Archiv für Sozialgeschichte"}],"part":{"text":"49(2009), Seite 149-184","pages":"149-184","volume":"49","year":"2009","extent":"36"},"type":{"bibl":"periodical"},"disp":"Erfahrung und Erinnerung Gründungsmythos und Selbstverständnis von Gesellschaften in Europa nach 1945Archiv für Sozialgeschichte"}],"title":[{"title_sort":"Erfahrung und Erinnerung","subtitle":"Gründungsmythos und Selbstverständnis von Gesellschaften in Europa nach 1945","title":"Erfahrung und Erinnerung"}],"language":["ger"],"recId":"613891791","physDesc":[{"extent":"36 S."}],"name":{"displayForm":["Kerstin von Lingen"]},"origin":[{"dateIssuedKey":"2009","dateIssuedDisp":"2009"}],"person":[{"role":"aut","family":"Lingen","display":"Lingen, Kerstin von","given":"Kerstin von"}]} | ||
| SRT | |a LINGENKERSERFAHRUNGU2009 | ||